Normal view
MARC view
Entry Personal Name
001 - CONTROL NUMBER
- control field: 5661
003 - CONTROL NUMBER IDENTIFIER
- control field: BD-RjUL
005 - DATE AND TIME OF LATEST TRANSACTION
- control field: 20221102095534.0
008 - FIXED-LENGTH DATA ELEMENTS
- fixed length control field: 221102|| aca||aabn | a|a d
040 ## - CATALOGING SOURCE
- Original cataloging agency: BD-RjUL
- Transcribing agency: BD-RjUL
100 ## - HEADING--PERSONAL NAME
- Personal name: ইসলাম, এ. এস. এম. নূরুল, কো-সুপারভাইজার
670 ## - SOURCE DATA FOUND
- Source citation: Work cat.: (BD-RjUL)80689: হোসেন, মীর মো: আনোয়ার 5655, দারিদ্র বিমোচন ও সমাজ উন্নয়নে যাকাত ও উশর ব্যবস্হা :, ২০০৬